Top 10 - Buteurs en Ligue 1 saison 23/24 - Statistiques

Statistiques générales
  • Ce quiz a été pris 94 fois
  • Le résultat moyen est 7 sur 10
Statistiques - réponses
Club Buts Joueur % Correct
Paris Saint-Germain 27 Kylian Mbappé
99%
Olympique Lyonnais 19 Alexandre Lacazette
93%
Lille OSC 19 Jonathan David
91%
Olympique de Marseille 17 Pierre-Emerick Aubameyang
72%
AS Monaco 16 Wissam Ben Yedder
71%
Paris Saint-Germain 11 Gonçalo Ramos
59%
Stade Rennais FC 10 Arnaud Kalimuendo
58%
FC Metz 13 Georges Mikautadze
55%
OGC Nice 11 Terem Moffi
49%
Toulouse FC 14 Thijs Dallinga
43%
Aucun quiz correspondant
Distribution des résultats
% des personnes avec chaque résultat
Percentile par nombre de réponses
Votre historique - résultats
Vous n’avez pas pris ce quiz